500 Logo Quiz - Statistics

General Stats
  • This quiz has been taken 2,502 times
    136 since last reset
  • The average score is 236 of 500
Answer Stats
Picture Answer % Correct
Adidas
93%
Amazon
89%
Apple
89%
7-Eleven
88%
Facebook
84%
Ford
84%
Fanta
83%
FedEx
83%
IKEA
83%
Lego
83%
Nike
83%
Pepsi
83%
Barbie
82%
BMW
82%
Coca-Cola
82%
Dove
82%
Google
82%
Instagram
82%
KFC
82%
Monster
82%
Disney
81%
McDonald's
81%
Puma
81%
Red Bull
81%
Toyota
81%
Harry Potter
80%
Honda
80%
Netflix
80%
Olympiacos
80%
PayPal
80%
Samsung
80%
Shell
80%
Twitter
80%
Chevrolet
79%
Dunkin' Donuts
79%
Snickers
79%
Audi
78%
Burger King
78%
Candy Crush
78%
Domino's
78%
Doritos
78%
Lay's
78%
Olympics
78%
Starbucks
78%
Bluetooth
77%
Hello Kitty
77%
Jaguar
77%
LG
77%
MasterCard
77%
Nestle
77%
Pringles
77%
Sprite
77%
Subway
77%
Superman
77%
YouTube
77%
Chrome
76%
Firefox
76%
Hyundai
76%
Mercedes
76%
Microsoft
76%
Tesla
76%
Cheetos
75%
Ferrari
75%
Jurassic Park
75%
Levi's
75%
Louis Vuitton
75%
Monopoly
75%
NASA
75%
Pizza Hut
75%
PlayStation
75%
Reddit
75%
Snapchat
75%
Taco Bell
75%
Visa
75%
Wikipedia
75%
Yahoo!
75%
Gmail
74%
Minecraft
74%
NBA
74%
Nissan
74%
TikTok
74%
Twix
74%
BBC
73%
Dell
73%
Finding Nemo
73%
Pinterest
73%
Spotify
73%
Chicago Bulls
72%
Ghostbusters
72%
Gucci
72%
Lexus
72%
Mavel Comics
72%
Pampers
72%
WhatsApp
72%
Adobe
71%
Cartoon Network
71%
Chanel
71%
Dreamworks
71%
Lamborghini
71%
Los Angeles Lakers
71%
New Balance
71%
Playboy
71%
Volkswagen
71%
Wendy's
71%
XBOX
71%
AirBnb
70%
Air Jordan
70%
BIC
70%
Cars
70%
Fila
70%
Heineken
70%
Hersheys
70%
LinkedIn
70%
L'Oreal
70%
Moana
70%
Nintendo
70%
Polo
70%
Porsche
70%
Reese's
70%
Skittles
70%
Skype
70%
Target
70%
Walmart
70%
Mazda
69%
eBay
68%
Gatorade
68%
Hulu
68%
JetPunk
68%
Safari
68%
Aldi
67%
Bentley
67%
Internet Explorer
67%
iTunes
67%
Lacoste
67%
Mitsubishi
67%
Rolex
67%
American Airlines
66%
Kellogg's
66%
Lipton
66%
Subaru
66%
Alfa Romeo
65%
Mountain Dew
65%
National Geographic
65%
Champion
64%
Excel
64%
Toy Story
64%
Warner Bros
64%
Chick-Fil-A
63%
GAP
63%
Intel
63%
Monsters Inc.
63%
Nickelodeon
63%
Acer
62%
Discord
62%
Dr. Pepper
62%
FIAT
62%
Harley-Davidson
62%
Michelin
62%
Under Armour
62%
Blockbuster
61%
Home Alone
61%
Beats
60%
Best Buy
60%
Citroen
60%
In-N-Out
60%
Krispy Kreme
59%
Mattel
59%
Suzuki
59%
The Avengers
59%
The Incredibles
59%
Tiffany
59%
UPS
59%
Cadbury
58%
Dodge
58%
Goodyear
58%
NBC
58%
The North Face
58%
Barcelona
57%
Cadillac
57%
Nerf
57%
Baskin Robbins
56%
IBM
56%
Mr. Clean
56%
BP
55%
Converse
55%
T-Mobile
55%
Cheerios
54%
John Deere
54%
Motorola
54%
Roblox
54%
The Rolling Stones
54%
Breaking Bad
53%
Dolby
53%
Evian
53%
Paris Saint Germain
53%
Ray-Ban
53%
Boston Celtics
52%
Jif
52%
Miami Dolphins
52%
Old Spice
52%
Skoda
52%
Soundcloud
52%
The Hunger Games
52%
Costco
51%
Guinness
51%
Home Depot
51%
Real Madrid
51%
The New York Times
51%
Arby's
50%
Chipotle
50%
Donkey Kong
50%
Liverpool
50%
Mini Cooper
50%
The Legend of Zelda: Breath Of The Wild
50%
Volvo
50%
AT&T
49%
Dole
49%
Virgin
49%
Chips Ahoy!
48%
Fruit of the Loom
48%
Kit Kat
48%
SEGA
48%
Air Canada
47%
Kraft
47%
Minnesota Vikings
47%
WWF
47%
Atari
46%
Bayern Munich
46%
Blu-Ray
46%
Maserati
46%
Miami Heat
46%
Opel
46%
Philadelphia Eagles
46%
Tide
46%
Chicago Bears
45%
Clash of Clans
45%
SEAT
45%
Umbro
45%
Cincinnati Reds
44%
Nescafe
44%
New England Patriots
44%
Panda Express
44%
Schweppes
44%
The Godfather
44%
A Clockwork Orange
43%
American Express
43%
Charlotte Hornets
43%
Detroit Lions
43%
Florida Panthers
43%
Heinz
43%
Infiniti
43%
Toblerone
43%
TripAdvisor
43%
Carolina Panthers
42%
CBS
42%
Corvette
42%
Crunch
42%
Pittsburgh Penguins
42%
Firestone
41%
Golden State Warriors
41%
Little Caesars
41%
Mustang
41%
Pittsburgh Steelers
41%
Wilson
41%
Aquafina
40%
Barclays
40%
Buick
40%
Dairy Queen
40%
Guess
40%
Indiana Pacers
40%
Jacksonville Jaguars
40%
Kansas City Chiefs
40%
Lincoln
40%
Milwaukee Bucks
40%
Skechers
40%
Yamaha
40%
Arizona
39%
Atlanta Falcons
39%
Baltimore Ravens
39%
Canada Dry
39%
Doom
39%
Knorr
39%
Lufthansa
39%
New York Giants
39%
New York Knicks
39%
San Jose Sharks
39%
Unilever
39%
Arizona Cardinals
38%
Bacardi
38%
Dallas Cowboys
38%
Hermés
38%
ING
38%
Memphis Grizzlies
38%
Mortal Kombat
38%
New York Jets
38%
Patagonia
38%
St. Louis Cardinals
38%
Vodafone
38%
Boston Red Sox
37%
Buffalo Bills
37%
Hertz
37%
Juventus
37%
Las Vegas Raiders
37%
San Francisco Giants
37%
Timberland
37%
Verizon
37%
Wolverhampton Wanderers
37%
Anaheim Ducks
36%
Arm & Hammer
36%
Brooklyn Nets
36%
Cleveland Cavaliers
36%
Hilton
36%
Sonic
36%
Tampa Bay Buccaneers
36%
Cincinnati Bengals
35%
Denver Nuggets
35%
Gerber
35%
Kaizer Chiefs
35%
Minnesota Timberwolves
35%
New York Yankees
35%
Pittsburgh Pirates
35%
Rocket League
35%
Roma
35%
Seinfeld
35%
Tabasco
35%
Winnipeg Jets
35%
AOL Instant Messenger
34%
Atlanta Hawks
34%
Carl's Jr
34%
Chevron
34%
Chiquita
34%
Hardees
34%
Leicester City
34%
London Underground
34%
Seattle Mariners
34%
Seattle Seahawks
34%
Versace
34%
Big Boy
33%
Cleveland Browns
33%
CVS
33%
Dallas Stars
33%
Jelly Belly
33%
Oklahoma City Thunder
33%
Tostitos
33%
Denver Broncos
32%
Detroit Tigers
32%
Green Bay Packers
32%
Houston Rockets
32%
Jack in the Box
32%
Los Angeles Chargers
32%
Lululemon
32%
New Orleans Saints
32%
Phoenix Suns
32%
Quaker Oats
32%
Utah Jazz
32%
Yoplait
32%
Anarchy
31%
Crush
31%
Houston Texans
31%
Indianapolis Colts
31%
San Antonio Spurs
31%
San Francisco 49ers
31%
Smarties
31%
Toronto Blue Jays
31%
White Castle
31%
AOL
30%
Boston Bruins
30%
Chicago Cubs
30%
Citi
30%
Clorox
30%
Dallas Mavericks
30%
Edmonton Oilers
30%
Exxon
30%
Los Angeles Clippers
30%
Los Angeles Kings
30%
Los Angeles Rams
30%
New Jersey Devils
30%
New Orleans Pelicans
30%
Payday
30%
Sacramento Kings
30%
Tennessee Titans
30%
Toronto Maple Leafs
30%
Toronto Raptors
30%
Washington Commanders
30%
Wells Fargo
30%
Xerox
30%
1. FC Koln
29%
Cleveland Guardians
29%
Orlando Magic
29%
Qantas
29%
Baltimore Orioles
28%
British Airways
28%
Carhartt
28%
Colorado Avalanche
28%
Detroit Pistons
28%
Emirates
28%
Klondike
28%
Los Angeles Angels
28%
Minnesota Wild
28%
Panera
28%
Philadelphia 76ers
28%
Republican Party
28%
Sunkist
28%
Detroit Red Wings
27%
Los Angeles Dodgers
27%
Miami Marlins
27%
Nottingham Forest
27%
Swarovski
27%
Valencia
27%
Washington Wizards
27%
Whoppers
27%
Haagen Dazs
26%
New York Rangers
26%
Portland Trail Blazers
26%
Tampa Bay Lightning
26%
Whataburger
26%
Carolina Hurricanes
25%
Chicago Blackhawks
25%
Montreal Canadiens
25%
Nintendo 64
25%
Seattle Kraken
25%
Sephora
25%
Top Gun
25%
Buffalo Sabres
24%
Calgary Flames
24%
Costa
24%
Galatasaray
24%
Hoover
24%
Kansas City Royals
24%
KLM
24%
Nashville Predators
24%
New York Mets
24%
Texas Rangers
24%
V for Vendetta
24%
General Mills
23%
Houston Astros
23%
Nascar
23%
New York Islanders
23%
Philadelphia Flyers
23%
St. Louis Blues
23%
Tootsie Roll
23%
Milwaukee Brewers
22%
Tampa Bay Rays
22%
Uniqlo
22%
Atlanta Braves
21%
English Premier League
21%
Ryanair
21%
San Diego Padres
21%
Santos
21%
S.L. Benfica
21%
Texas Instruments
21%
Washington Capitals
21%
Chicago White Sox
20%
Colorado Rockies
20%
Columbus Blue Jackets
20%
Fortnite
20%
Gears of War
20%
Ms. Pac Man
20%
Orangina
20%
Ottawa Senators
20%
Vancouver Canucks
20%
Hull City
19%
Minnesota Twins
19%
Philadelphia Phillies
19%
Skyrim
19%
Vegas Golden Knights
19%
Wonder Bread
19%
Arizona Diamondbacks
18%
Fuji
18%
Garmin
18%
Gazprom
18%
Swansea City
18%
Utah Mammoth
18%
Aer Lingus
17%
Morton's
17%
Sprint
17%
Washington Nationals
17%
Lemonheads
16%
Scion
16%
Snapple
16%
Grateful Dead
15%
Half-Life
15%
Korean Air
15%
TiVo
15%
York
14%
Air China
13%
Turkish Airlines
13%
Alitalia
12%
Amtrak
12%
Hajduk Split
12%
South African Airways
12%
Japan Airlines
11%
Kangol
11%
Athletics
10%
Barq's
10%
Thai Airways
10%
Air New Zealand
8%
Starter
8%
Iberia
6%
Swiss International
3%
No matching quizzes found
Score Distribution
Percent of People with Each Score
Percentile by Number Answered
Your Score History
You have not taken this quiz since the last reset